| 000 | 00355nam a22001457a 4500 | ||
|---|---|---|---|
| 999 |
_c14839 _d14839 |
||
| 020 | _a9788183601733 | ||
| 082 |
_a631.372 _bSHA/DE |
||
| 100 |
_aSharma,D.N _975 |
||
| 245 | _aDesign of Agricultural Tractor (Principles and problems) | ||
| 250 | _a3 | ||
| 260 |
_aNew Delhi _bJain Brothers _c2016 |
||
| 300 | _a368 | ||
| 700 |
_aMukesh, S _977 |
||
| 942 | _cBK | ||